LEADER 01544nam a2200313 a 4500 001 000000127266 003 CaOOAMICUS 005 20120123123246.0 008 120123s2006 sp 000 0 spa r 020 $a84-96318-19-2 040 $aPUL$bita 082 04$a262.94 100 1 $aSerres López de Guereñu, Roberto.$0(OLS)http://pul/name/81160 245 13$aLa nulidad del matrimonio canónico :$bun análisis desde la jurisprudencia /$cRoberto Serres López de Guereñu. 260 $aMadrid :$bPublicaciones de la Facultad de Teología"San Damaso",$c2006. 300 $a512 p. ;$c24 cm. 490 1 $aStudia theologica Matritensia ;$v7 650 14$aChiesa cattolica e questioni sociali.$0(OLS)http://pul/subject/27565 650 14$aGiustizia sociale.$0(OLS)http://pul/subject/19581 650 4$aMatrimonio (diritto canonico).$0(OLS)http://pul/subject/475 830 0$aStudia theologica Matritensia ;$v7.$0(OLS)http://pul/title/137244 850 $aPUL 852 $aPUL$W1$xSL Diritto Canonico 3$y77$m262. 94 SERRO 1$j147173$qDDC 21$B145867$CPULBib$Z2$F145867 $H115422 $82 960 $aDiritto matrimoniale canonico$9475 996 $6020$a84-96318-19-2$9(OLS)http://pul/number/148602 996 $6082$a262.94$9(OLS)http://pul/classification/422 996 $6245$aLa nulidad del matrimonio canónico :$bun análisis desde la jurisprudencia$9(OLS)http://pul/title/160791 996 $6260$aMadrid :$bPublicaciones de la Facultad de Teología"San Damaso"$9(OLS)http://pul/publisher/81867 LEADER 01053naa a2200229 u 4500 001 000000099109 003 CaOOAMICUS 005 20070226130157.0 008 050927s1980 it u000 u ita u 035 $a11060289 040 $aIAR$bita 100 1 $aPerrone, Lorenzo.$0(OLS)http://pul/name/10715 245 14$aIl "Dialogo contro gli aftartodoceti" di Leonzio di Bisanzio e Severo di Antiochia /$cLorenzo Perrone. 260 $aBologna :$bEd. Dehoniane,$c1980. 300 $aS. 411-444 ;$c22 cm 600 04$aLeontius Byzantinus,$dc. 480-543.$0(OLS)http://pul/subject/8587 600 04$aSeverus,$cpatriarca di Antiochia,$dsec. V-VI.$0(OLS)http://pul/subject/1186 730 0 $aCristianesimo nella storia$g[Spogli].$0(OLS)http://pul/title/7312 773 0 $aCristianesimo nella storia ;.$tvol. I/2 (1980) 773 0 $tCristianesimo nella storia$w()5012 996 $6245$aIl "Dialogo contro gli aftartodoceti" di Leonzio di Bisanzio e Severo di Antiochia$9(OLS)http://pul/title/125987 996 $6260$aBologna :$bEd. Dehoniane$9(OLS)http://pul/publisher/48282